000 00271nam a2200109Ia 4500
008 190216s9999||||xx |||||||||||||| ||und||
100 _aLands Berg G S
245 0 _aAdisthana Boudikathin Oru Padapusthakam
260 _bBhasha Institute
650 _aPhysics
942 _cBK
999 _c37948
_d37948